Províncias do Japão - Statistics

Estatísticas Gerais
  • Esse quiz foi jogado 1 559 vezes
    1 554 desde o último reset
  • A pontuação média é 20 de 47
Respostas no mapa
Respostas codificadas por cores de uma escala verde-vermelha no mapa do quiz de acordo com a % correta abaixo.
 
Estatísticas das Respostas
Prefecture % Correto
Tokyo
96%
Osaka
78%
Hiroshima
77%
Hokkaido
75%
Nagasaki
73%
Kyoto
72%
Okinawa
67%
Fukushima
55%
Saitama
55%
Fukuoka
49%
Aichi
48%
Chiba
48%
Akita
47%
Aomori
45%
Nara
45%
Kanagawa
43%
Niigata
42%
Kagoshima
40%
Shizuoka
40%
Gifu
39%
Miyagi
39%
Nagano
39%
Kagawa
37%
Gunma
36%
Iwate
36%
Fukui
35%
Ibaraki
35%
Yamagata
35%
Ehime
34%
Mie
34%
Tottori
34%
Yamaguchi
34%
Ishikawa
33%
Kumamoto
33%
Saga
33%
Tokushima
33%
Toyama
33%
Wakayama
33%
Hyōgo
32%
Yamanashi
32%
Miyazaki
31%
Ōita
31%
Okayama
31%
Shimane
31%
Kōchi
30%
Shiga
30%
Tochigi
30%
Nenhum quiz correspondente encontrado
Distribuição das Pontuações
Porcentagem de Pessoas com Cada Pontuação
Percentil de Números Respondidos
Sua Pontuação Histórica
Você não jogou esse quiz desde o último reset